Movies Quiz

Random Movies or Actor Quiz

Movies With Crying Men Quiz Stats

 Plays Quiz not verified by Sporcle

Support Sporcle.
Go Orange.
Score 0/57 Timer 10:00
0 Plays Today
Crying Actor Movie Title % Correct
Heath Ledger and Jake GyllenhaalBrokeback Mountain
82%
Tom Cruise and Cuba Gooding Jr.Jerry Maguire
59.7%
Mickey RourkeThe Wrestler
55.4%
Robert De Niro and Ray LiottaGoodfellas
55.4%
Matt DamonGood Will Hunting
49.6%
Robert De NiroRaging Bull
47.5%
Hayden ChristensenStar Wars: Episode III - Revenge of the Sith
46.8%
Pat MoritaThe Karate Kid Part II
44.6%
John Cazale and Al MartinoThe Godfather
43.2%
Tobey MaguireSpider-Man 3
42.4%
Denzel WashingtonGlory
41%
Tom Hanks and Jeremy DaviesSaving Private Ryan
40.3%
Brad PittSe7en
39.6%
Thomas Haden ChurchSideways
36%
Tim RobbinsMystic River
33.8%
Jim CarreyThe Truman Show
30.9%
Tom Cruise and Philip Seymour HoffmanMagnolia
30.2%
Colin FirthA Single Man
30.2%
Will FerrellAnchorman: The Legend of Ron Burgundy
30.2%
Mel GibsonThe Patriot
30.2%
Bruce WillisArmageddon
29.5%
Jared LetoRequiem for a Dream
28.1%
Mark Wahlberg and Philip Seymour HoffmanBoogie Nights
26.6%
Adam SandlerPunch-Drunk Love
25.9%
Sean PennDead Man Walking
25.2%
Jamie Foxx and Robert Downey Jr.The Soloist
24.5%
Robert Downey Jr.Tropic Thunder
24.5%
Matt DillonThe Outsiders
20.9%
Keanu ReevesThe Lake House
20.1%
Crying Actor Movie Title % Correct
Robert De NiroAnalyze This
19.4%
Leonardo DiCaprioThe Basketball Diaries
18%
Cuba Gooding Jr.Boyz N the Hood
17.3%
Seth RogenFunny People
16.5%
Chris CooperAmerican Beauty
16.5%
Mel GibsonSigns
15.8%
Sylvester StalloneFirst Blood
15.8%
Ben AffleckJersey Girl
15.1%
Patrick WilsonHard Candy
10.8%
Ed HarrisThe Abyss
10.8%
Joaquin Phoenix and Adrien BrodyThe Village
10.1%
Paul GiamattiLady in the Water
10.1%
Harvey KeitelBad Lieutenant
9.4%
Kevin BaconShe's Having a Baby
7.2%
Esai MoralesLa Bamba
7.2%
Ben AffleckBounce
7.2%
Brad RenfroBully
5.8%
Johnny DeppArizona Dream
5%
Matt DamonAll the Pretty Horses
5%
Peter SarsgaardOrphan
4.3%
Robert De NiroCity by the Sea
3.6%
Ryan GoslingStay
3.6%
Michael KeatonClean and Sober
3.6%
Alec BaldwinPrelude to a Kiss
2.9%
John RitterSkin Deep
2.9%
Jack NicholsonHeartburn
2.2%
James WoodsNorthfork
0.7%
Matthew McConaugheyTiptoes
0.7%

You're not logged in!

Compare scores with friends on all Sporcle quizzes.
OR
Log In

From the Vault

Movies in London

by Larryholmes79

If you want a good laugh, just go to the London Punderground.
Remove Ads.
Support Sporcle.
Get the best of Sporcle when you Go Orange. This ad-free experience offers more features, more stats, and more fun while also helping to support Sporcle. Thank you for becoming a member.

Show Comments

Extras

Created Mar 14, 2011SourceReportNominate
Tags:Actor Quiz, Cry, men

Top Quizzes Today


Score Distribution

Your Account Isn't Verified!

In order to create a playlist on Sporcle, you need to verify the email address you used during registration. Go to your Sporcle Settings to finish the process.

Report this User

Report this user for behavior that violates our Community Guidelines.

Details: